Makna bacaan-bacaan sembahyang dan doa-doa pilihan / (Record no. 1126)

000 -LEADER
fixed length control field nam a22 a 4500
003 - CONTROL NUMBER IDENTIFIER
control field AKMAL
005 - DATE AND TIME OF LATEST TRANSACTION
control field 20170508141751.0
008 - FIXED-LENGTH DATA ELEMENTS--GENERAL INFORMATION
fixed length control field 170508s1978 my g 000 0 may d
040 ## - CATALOGING SOURCE
Original cataloging agency AKMAL
Transcribing agency AKMAL
082 04 - DEWEY DECIMAL CLASSIFICATION NUMBER
Classification number 297.3824 HAS
090 00 - LOCALLY ASSIGNED LC-TYPE CALL NUMBER (OCLC); LOCAL CALL NUMBER (RLIN)
Classification number (OCLC) (R) ; Classification number, CALL (RLIN) (NR) 297.3824
Local cutter number (OCLC) ; Book number/undivided call number, CALL (RLIN) HAS
100 0# - MAIN ENTRY--PERSONAL NAME
Personal name Hasbi
9 (RLIN) 2327
245 10 - TITLE STATEMENT
Title Makna bacaan-bacaan sembahyang dan doa-doa pilihan /
Statement of responsibility, etc. oleh Hasbi
250 ## - EDITION STATEMENT
Edition statement Ed. Jawi
260 ## - PUBLICATION, DISTRIBUTION, ETC.
Place of publication, distribution, etc. Kota Bharu :
Name of publisher, distributor, etc. Pustaka Aman Press,
Date of publication, distribution, etc. 1978
300 ## - PHYSICAL DESCRIPTION
Extent 76ms ;
Dimensions 19cm
500 ## - GENERAL NOTE
General note Mengandungi ayat-ayat Quran
650 10 - SUBJECT ADDED ENTRY--TOPICAL TERM
Topical term or geographic name entry element Islam
Form subdivision Prayers and devotions
9 (RLIN) 1608
942 ## - ADDED ENTRY ELEMENTS (KOHA)
Source of classification or shelving scheme
Koha item type Book
Holdings
Withdrawn status Lost status Source of classification or shelving scheme Damaged status Not for loan Collection code Home library Current library Shelving location Date acquired Inventory number Total Checkouts Full call number Barcode Date last seen Price effective from Koha item type
          NON-FICTION AKMAL Melaka AKMAL Melaka PINJAMAN 08.05.2017 200819   297.3824 HAS 201702170 08.05.2017 08.05.2017 Book
Pusat Sumber Maklumat Dato' Haji Sarmin Md Hussin, Akademi Kastam Diraja Malaysia, Melaka
Tel: 06-2331106 | Faks: 06-2313787